• 首页
  • 本馆介绍
  • 公告通知
  • 最新文献
  • 馆藏检索
  • 电子资源
  • 读者导购
  • 参考咨询
  • 我的图书馆
  • 登录
  • 详细信息显示
  • 放入我的书架
  • 预约/预借图书
  • 作者相关作品
  • 分类相关作品
  • 丛书相关作品
  • 出版社相关作品

书目信息

  • 表格格式
  • 工作单格式
  • 卡片格式
题名:
日本文学的文化意境
    
 
作者: 王姗姗 编著
分册:  
出版信息: 北京   中国纺织出版社  2018
页数: 168页
开本: 22cm
丛书名:
单 册:
中图分类: I313.06
科图分类:
主题词: 日本文学--ri ben wen xue--文学研究
电子资源:
ISBN: 978-7-5180-3303-4
000 00803nam0 2200253 450
001 012001008526
005 20140101093817.0
010    @a978-7-5180-3303-4@dCNY43.00
099    @aCAL 012018049244
100    @a20180330d2018 em y0chiy50 ea
101 0  @achi
102    @aCN@b110000
105    @ay a 000yy
106    @ar
200 1  @a日本文学的文化意境@Ari ben wen xue de wen hua yi jing@f王姗姗编著
210    @a北京@c中国纺织出版社@d2018
215    @a168页@d22cm
320    @a有书目 (第167-168页)
330    @a本书从日本文化的历史渊源开始,将日本文学对日本社会生活的方方面面,作了一些客观的分析。
606 0  @a日本文学@Ari ben wen xue@x文学研究
690    @aI313.06@v5
701  0 @a王姗姗@Awang shan shan@4编著
801  2 @aCN@b上海新华@c20191020
905    @b1185051-4@dI313.06@e554@f4
    
    日本文学的文化意境/王姗姗编著.-北京:中国纺织出版社,2018
    168页;22cm
    
    
    ISBN 978-7-5180-3303-4:CNY43.00
    本书从日本文化的历史渊源开始,将日本文学对日本社会生活的方方面面,作了一些客观的分析。
●
相关链接 在E读中查询图书 在五车中查询图书 在当当中查询图书 在豆瓣中查询图书


正题名:日本文学的文化意境     索取号:I313.06/554         预约/预借

序号 登录号 条形码 馆藏地/架位号 状态 备注
1 1185051   211850512   第一样本阅览室/ [索取号:I313.06/554] 在馆    
2 1185052   211850521   第二借阅区/ [索取号:I313.06/554] 在馆    
3 1185053   211850530   第二借阅区/ [索取号:I313.06/554] 在馆    
4 1185054   211850549   第二借阅区/ [索取号:I313.06/554] 在馆    
唐山师范学院图书馆 欢迎您!
大连网信软件有限公司© 版权所有